【プロ野球】 2026年 東北楽天ゴールデンイーグルス 応援歌 - Statistics

General Stats
  • This quiz has been taken 11 times
  • The average score is 18 of 22
Answer Stats
応援歌 選手名 % Correct
歓喜のスタンドへ 拳突き上げ我らとともに行くぞ 勝利の道へ 〇〇 〇〇 オー 〇〇 スピード上げて走れ グラウンド駆け抜けろ 小深田大翔
100%
紡ぐ想い背に いま理想の旅路(みち)を行く強く光輝く 未来へ駆け上がれ 宗山塁
100%
スタンドへ叩き込め 〇〇 燃え上がれ ここで燃え上がれ 〇〇打て 〇〇打て 叩き込め 浅村栄斗
100%
冴える一振りと 華麗なる守備は輝く君の軌跡 終わりなき道 村林一輝
100%
放つ光は 頂へ続く限りない夢を 叶えるんだ 〇〇〇〇 辰己涼介
100%
レッツゴーホームラン 〇〇(ファイト! ゴー! 〇〇!) カモン ホームラン〇〇 さあいこう 〇〇 ボイト
100%
大空に 響け君の一打〇〇〇〇 ともに戦おう 黒川史陽
100%
夢を描け 栄光掴むとき今だ決めろ 〇〇!〇〇! 立ち向かえ 小郷裕哉
100%
果てなく続く 〇〇の道燃えさかる闘志 今ぶつけろ 太田光
90%
〇〇 勝利のために 熱い気持ち込めて東北の夢を 背負い戦うヒーロー 鈴木大地
90%
ラララ ラララ ラララ ラララーラ スピードを上げて 突っ走れ強く 鋭く 敵を突け さあ行け〇〇 希望の明日へ向かって 田中和基
90%
振り抜け鋭く 気合いを込めて 飛ばせ空高く 〇〇〇〇 中島大輔
90%
歴史を刻む 頼れる背中 眼光鋭く 仲間を守れ 伊藤光
80%
涙と汗で 夢を追いかけ 光を放て あの空へ 佐藤直樹
80%
瞳の闘志と 胸に宿す魂 打て!〇〇! 飛ばせ彼方へ  伊藤裕季也
80%
一振りで威名が 轟き渡る悠遠と続く 我が道を行け YG安田
80%
鋭く打て 〇〇 遠くへ かっとばせ輝け今 〇〇 努力に希望あれ 渡邊佳明
70%
ラララ・・・ 勝利の道へ 我らを誘え  銅鉄の脚でフィールド 駆け抜ける風になれ 武藤敦貴
60%
ホームを守る男の 雄々しき姿己の信じる道 征けよ〇〇 堀内謙伍
60%
みなぎるパワー込め 豪弾翔ばせ我ら導く英雄 〇〇〇〇 石原彪
50%
輝く戦士 今だ飛び立とう その想いをひとつに 我らとこの時を 汎用テーマ
30%
迷わずいざ進め 若鷲よ飛べ 巻き起こせ 新たな風を 汎用テーマ2
20%
No matching quizzes found
Score Distribution
Percent of People with Each Score
Percentile by Number Answered
Your Score History
You have not taken this quiz